<?xml version="1.0" encoding="UTF-8"?>
<collection xmlns="http://www.loc.gov/MARC21/slim">
 <record>
  <leader>02454nam a22002897a 4500</leader>
  <controlfield tag="001">NCT_59520</controlfield>
  <controlfield tag="008">190216b        xxu||||| |||| 00| 0 vie d</controlfield>
  <datafield tag="999" ind1=" " ind2=" ">
   <subfield code="c">2890</subfield>
   <subfield code="d">2890</subfield>
  </datafield>
  <datafield tag="020" ind1=" " ind2=" ">
   <subfield code="a">9786046622178</subfield>
   <subfield code="c">67000</subfield>
  </datafield>
  <datafield tag="082" ind1="0" ind2="4">
   <subfield code="2">23rd ed.</subfield>
   <subfield code="a">616.8</subfield>
   <subfield code="b">Ch125</subfield>
  </datafield>
  <datafield tag="100" ind1="1" ind2=" ">
   <subfield code="a">Ngô Quý Châu</subfield>
   <subfield code="e">Chủ biên</subfield>
  </datafield>
  <datafield tag="245" ind1="1" ind2="0">
   <subfield code="a">Hướng dẫn quy trình kỹ thuật nội khoa, chuyên ngành thần kinh:</subfield>
   <subfield code="b">Ban hành kèm theo Quyết định số 3154/QĐ-BYT ngày 21 tháng 8 năm 2014 của Bộ trưởng Bộ Y tế</subfield>
   <subfield code="c">Ngô Quý Châu (chủ biên) ; Đinh Thị Kim Dung, Đào Văn Long... (biên soạn)</subfield>
  </datafield>
  <datafield tag="250" ind1=" " ind2=" ">
   <subfield code="a">Tái bản lần thứ 1</subfield>
  </datafield>
  <datafield tag="260" ind1=" " ind2=" ">
   <subfield code="a">H.</subfield>
   <subfield code="b">Y học</subfield>
   <subfield code="c">2017</subfield>
  </datafield>
  <datafield tag="300" ind1=" " ind2=" ">
   <subfield code="a">138 tr.</subfield>
   <subfield code="b">Hình vẽ</subfield>
   <subfield code="c">27cm</subfield>
  </datafield>
  <datafield tag="500" ind1=" " ind2=" ">
   <subfield code="a">ĐTTS ghi: Bộ Y tế</subfield>
  </datafield>
  <datafield tag="520" ind1="3" ind2=" ">
   <subfield code="a">Hướng dẫn Quy trình kỹ thuật trong khám bệnh, chữa bệnh là tài liệu hướng dẫn chuyên môn kỹ thuật, là cơ sở pháp lý để thực hiện tại các cơ sở khám bệnh, chữa bệnh trong toàn quốc được phép thực hiện kỹ thuật đã được cấp có thẩm quyền phê duyệt theo quy định của Luật Khám bệnh, chữa bệnh đồng thời cũng là cơ sở để xây dựng giá dịch vụ kỹ thuật, phân loại phẫu thuật, thủ thuật và những nội dung liên quan khác.</subfield>
  </datafield>
  <datafield tag="653" ind1=" " ind2=" ">
   <subfield code="a">Y đa khoa</subfield>
  </datafield>
  <datafield tag="700" ind1="1" ind2=" ">
   <subfield code="a">Đinh Thị Kim Dung</subfield>
   <subfield code="e">Biên soạn</subfield>
  </datafield>
  <datafield tag="700" ind1="1" ind2=" ">
   <subfield code="a">Đào Văn Long</subfield>
   <subfield code="e">Biên soạn</subfield>
  </datafield>
  <datafield tag="942" ind1=" " ind2=" ">
   <subfield code="2">ddc</subfield>
   <subfield code="c">BK</subfield>
  </datafield>
  <datafield tag="952" ind1=" " ind2=" ">
   <subfield code="0">0</subfield>
   <subfield code="1">0</subfield>
   <subfield code="2">ddc</subfield>
   <subfield code="4">0</subfield>
   <subfield code="6">616_800000000000000_CH125</subfield>
   <subfield code="7">0</subfield>
   <subfield code="9">15525</subfield>
   <subfield code="a">000001</subfield>
   <subfield code="b">000001</subfield>
   <subfield code="d">2019-02-16</subfield>
   <subfield code="o">616.8 Ch125</subfield>
   <subfield code="p">MD.14271</subfield>
   <subfield code="r">2019-02-16</subfield>
   <subfield code="v">67000.00</subfield>
   <subfield code="w">2019-02-16</subfield>
   <subfield code="y">BK</subfield>
  </datafield>
  <datafield tag="952" ind1=" " ind2=" ">
   <subfield code="0">0</subfield>
   <subfield code="1">0</subfield>
   <subfield code="2">ddc</subfield>
   <subfield code="4">0</subfield>
   <subfield code="6">616_800000000000000_CH125</subfield>
   <subfield code="7">0</subfield>
   <subfield code="9">15526</subfield>
   <subfield code="a">000001</subfield>
   <subfield code="b">000001</subfield>
   <subfield code="d">2019-02-16</subfield>
   <subfield code="o">616.8 Ch125</subfield>
   <subfield code="p">MD.14272</subfield>
   <subfield code="r">2019-02-16</subfield>
   <subfield code="v">67000.00</subfield>
   <subfield code="w">2019-02-16</subfield>
   <subfield code="y">BK</subfield>
  </datafield>
  <datafield tag="952" ind1=" " ind2=" ">
   <subfield code="0">0</subfield>
   <subfield code="1">0</subfield>
   <subfield code="2">ddc</subfield>
   <subfield code="4">0</subfield>
   <subfield code="6">616_800000000000000_CH125</subfield>
   <subfield code="7">0</subfield>
   <subfield code="9">15527</subfield>
   <subfield code="a">000001</subfield>
   <subfield code="b">000001</subfield>
   <subfield code="d">2019-02-16</subfield>
   <subfield code="o">616.8 Ch125</subfield>
   <subfield code="p">MD.14273</subfield>
   <subfield code="r">2019-02-16</subfield>
   <subfield code="v">67000.00</subfield>
   <subfield code="w">2019-02-16</subfield>
   <subfield code="y">BK</subfield>
  </datafield>
  <datafield tag="952" ind1=" " ind2=" ">
   <subfield code="0">0</subfield>
   <subfield code="1">0</subfield>
   <subfield code="2">ddc</subfield>
   <subfield code="4">0</subfield>
   <subfield code="6">616_800000000000000_CH125</subfield>
   <subfield code="7">0</subfield>
   <subfield code="9">15528</subfield>
   <subfield code="a">000001</subfield>
   <subfield code="b">000001</subfield>
   <subfield code="d">2019-02-16</subfield>
   <subfield code="o">616.8 Ch125</subfield>
   <subfield code="p">MD.14274</subfield>
   <subfield code="r">2019-02-16</subfield>
   <subfield code="v">67000.00</subfield>
   <subfield code="w">2019-02-16</subfield>
   <subfield code="y">BK</subfield>
  </datafield>
  <datafield tag="952" ind1=" " ind2=" ">
   <subfield code="0">0</subfield>
   <subfield code="1">0</subfield>
   <subfield code="2">ddc</subfield>
   <subfield code="4">0</subfield>
   <subfield code="6">616_800000000000000_CH125</subfield>
   <subfield code="7">0</subfield>
   <subfield code="9">15529</subfield>
   <subfield code="a">000001</subfield>
   <subfield code="b">000001</subfield>
   <subfield code="d">2019-02-16</subfield>
   <subfield code="o">616.8 Ch125</subfield>
   <subfield code="p">MD.14275</subfield>
   <subfield code="r">2019-02-16</subfield>
   <subfield code="v">67000.00</subfield>
   <subfield code="w">2019-02-16</subfield>
   <subfield code="y">BK</subfield>
  </datafield>
  <datafield tag="980" ind1=" " ind2=" ">
   <subfield code="a">Thư viện Trường Đại học Nam Cần Thơ</subfield>
  </datafield>
 </record>
</collection>
